00460nam a2200193 a 4500001001300000003000900013005001700022008004100039020000800080082001600088100001600104245002500120260002900145300000900174500003500183505001000218650002200228700001600250nice12345678IN_TiNIC20260116011632.0050524s1954 lona grp 000 0 eng  ac000a269.2bWAR2 aWarren, Max aRevivalb an Enquiry aLondonbScm Press c1954 a123p aincludes index and biblioraphy2 aIndex aEvangelistic Work1 aWarren, Max